21st century literature from the Philippines and the world / (Record no. 2064)
[ view plain ]
| 000 -LEADER | |
|---|---|
| fixed length control field | 00904nam a22002537a 4500 |
| 003 - CONTROL NUMBER IDENTIFIER | |
| control field | OSt |
| 005 - DATE AND TIME OF LATEST TRANSACTION | |
| control field | 20250807064433.0 |
| 008 - FIXED-LENGTH DATA ELEMENTS--GENERAL INFORMATION | |
| fixed length control field | 240708b |||||||| |||| 00| 0 eng d |
| 020 ## - INTERNATIONAL STANDARD BOOK NUMBER | |
| International Standard Book Number | 9786219560917 |
| 040 ## - CATALOGING SOURCE | |
| Original cataloging agency | DWCL-Main Lib. |
| Transcribing agency | OC |
| 082 ## - DEWEY DECIMAL CLASSIFICATION NUMBER | |
| Classification number | Fil. 899.2115 T971 2017 |
| 100 ## - MAIN ENTRY--PERSONAL NAME | |
| Personal name | Palencia, Ernesto N. |
| 245 ## - TITLE STATEMENT | |
| Title | 21st century literature from the Philippines and the world / |
| Statement of responsibility, etc. | Ernesto N. Palencia |
| 260 ## - PUBLICATION, DISTRIBUTION, ETC. | |
| Place of publication, distribution, etc. | Sampaloc Manila, Philippines : |
| Name of publisher, distributor, etc. | Fastbooks Educational Supply Inc., |
| Date of publication, distribution, etc. | c2017. |
| 300 ## - PHYSICAL DESCRIPTION | |
| Extent | xviii, 269 pages : |
| Other physical details | illustrations ; |
| Dimensions | 25cm |
| 504 ## - BIBLIOGRAPHY, ETC. NOTE | |
| Bibliography, etc. note | Includes bibliography and index.<br/> |
| 650 ## - SUBJECT ADDED ENTRY--TOPICAL TERM | |
| Topical term or geographic name entry element | 1. Literature– Philippines. |
| 650 ## - SUBJECT ADDED ENTRY--TOPICAL TERM | |
| Topical term or geographic name entry element | 2. Literature– study and teaching– Philippines. |
| 700 ## - ADDED ENTRY--PERSONAL NAME | |
| Personal name | Ondevilla, Miel Kristian B. |
| 700 ## - ADDED ENTRY--PERSONAL NAME | |
| Personal name | Palencia, Marjueve M. |
| 700 ## - ADDED ENTRY--PERSONAL NAME | |
| Personal name | Jerusalem, Violeta L. |
| 700 ## - ADDED ENTRY--PERSONAL NAME | |
| Personal name | Cruz, Jesus Q.. |
| 942 ## - ADDED ENTRY ELEMENTS (KOHA) | |
| Source of classification or shelving scheme | Dewey Decimal Classification |
| Koha item type | Book-Filipiniana |
| Call number prefix | Fil. |
| Suppress in OPAC | No |
| 952 ## - LOCATION AND ITEM INFORMATION (KOHA) | |
| -- | |
| Withdrawn status | Lost status | Source of classification or shelving scheme | Damaged status | Not for loan | Home library | Current library | Shelving location | Date acquired | Source of acquisition | Cost, normal purchase price | Total Checkouts | Full call number | Barcode | Date last seen | Copy number | Price effective from | Koha item type | Uniform Resource Identifier |
|---|---|---|---|---|---|---|---|---|---|---|---|---|---|---|---|---|---|---|
| Dewey Decimal Classification | College Library | College Library | Filipiniana | 06/22/2024 | School Fund | 711.00 | 899.2115 T971 2017 | 54113 | 07/08/2024 | c1 | 07/08/2024 | BK - FIL |